| 000 -CABECERA |
| Longitud fija campo de control |
00572nam a2200193 a 4500 |
| 001 - NÚMERO DE CONTROL |
| Número de control |
2898 |
| 003 - IDENTIFICADOR DEL NÚMERO DE CONTROL |
| Identificador del número de control |
CDMR |
| 005 - FECHA Y HORA DE LA ÚLTIMA TRANSACCIÓN |
| Fecha y hora de la última transacción |
20130313111948.0 |
| 008 - CÓDIGOS DE INFORMACIÓN DE LONGITUD FIJA |
| Códigos de información de longitud fija |
130130s1990||||||||||||||||||||||||||||d |
| 020 ## - NÚMERO INTERNACIONAL NORMALIZADO PARA LIBROS |
| Número Internacional Normalizado para Libros (ISBN) |
8429731075 |
| 040 ## - FUENTE DE LA CATALOGACIÓN |
| Centro catalogador de origen |
CDMR |
| Lengua de catalogación |
cat |
| Centro transcriptor |
CPC LLEIDA |
| 100 1# - PUNTO DE ACCESO PRINCIPAL-NOMBRE DE PERSONA |
| Nombre de persona |
Arnau, Carme |
| 9 (RLIN) |
2131 |
| 245 10 - MENCIÓN DE TÍTULO |
| Título |
Miralls màgics |
| Resto del título |
: aproximació a l'última narrativa de Mercè Rodoreda |
| Mención de responsabilidad, etc. |
Carme Arnau |
| 260 ## - PUBLICACIÓN, DISTRIBUCIÓN, ETC. (PIE DE IMPRENTA) |
| Lugar de publicación, distribución, etc. |
Barcelona |
| Fecha de publicación, distribución, etc. |
1990 |
| Nombre del editor, distribuidor, etc. |
Edicions 62 |
| 490 0# - MENCIÓN DE SERIE |
| Mención de serie |
Col·lecció Premis Josep Vallverdú |
| 490 0# - MENCIÓN DE SERIE |
| Mención de serie |
Llibres a l'abast |
| Designación de volumen o secuencia |
254 |
| 600 1# - PUNTO DE ACCESO ADICIONAL DE MATERIA - NOMBRE DE PERSONA |
| 9 (RLIN) |
2110 |
| Nombre de persona |
Rodoreda, Mercè |
| 942 ## - ENTRADA DE ELEMENTOS AGREGADOS (KOHA) |
| Koha [por defecto] tipo de item |
Monografies |
| Fuente de clasificaión o esquema |
|